| 000 | 01267nam a22001817a 4500 | ||
|---|---|---|---|
| 999 |
_c58791 _d58791 |
||
| 005 | 20220805121712.0 | ||
| 008 | 220805r2016 ||||| |||| 00| 0 geo d | ||
| 020 | _q19879687 | ||
| 041 | _ageo | ||
| 245 |
_aქართული ემიგრაცია / _cრედაქტორი ოთარ ჯანელიძე; გრიგოლ რობაქიძის სახელობის უნივერსიტეტის ქარტული ემიგრაციის ისტორიისა და გეოგრაფიის სამეცნიერო-კვლევითი ინსტიტუტი. |
||
| 260 |
_aთბილისი, _c2016. |
||
| 300 | _av. | ||
| 653 | _aქართული ემიგრაცია | ||
| 653 | _aპერიოდიკა | ||
| 700 |
_aჯანელიძე, ოთარ _eრედაქტორი _91743 |
||
| 710 |
_aგრიგოლ რობაქიძის სახელობის უნივერსიტეტის ქარტული ემიგრაციის ისტორიისა და გეოგრაფიის სამეცნიერო-კვლევითი ინსტიტუტი _914509 |
||
| 942 |
_2udc _cCR |
||